Maya, Modi, Azad: Dalit politics in the time of Hindutva (Record no. 531218)

000 -LEADER
fixed length control field 00598nam a22001457a 4500
008 - FIXED-LENGTH DATA ELEMENTS--GENERAL INFORMATION
fixed length control field 250801b ||||| |||| 00| 0 eng d
100 ## - MAIN ENTRY--PERSONAL NAME
Personal name Ranjan, Rupesh
245 ## - TITLE STATEMENT
Title Maya, Modi, Azad: Dalit politics in the time of Hindutva
260 ## - PUBLICATION, DISTRIBUTION, ETC. (IMPRINT)
Place of publication, distribution, etc Indian Journal of Public Administration
300 ## - PHYSICAL DESCRIPTION
Extent 71(2), Jun, 2025: p.431-433
520 ## - SUMMARY, ETC.
Summary, etc Sudha Pai and Sajjan Kumar, (Harper Collins, 2023), 336 pp., ₹599.-Reproduced


https://journals.sagepub.com/doi/full/10.1177/00195561251335866
773 ## - HOST ITEM ENTRY
Main entry heading Indian Journal of Public Administration
906 ## - LOCAL DATA ELEMENT F, LDF (RLIN)
Subject DIP BOOK REVIEW
942 ## - ADDED ENTRY ELEMENTS (KOHA)
Item type Articles
Holdings
Withdrawn status Lost status Source of classification or shelving scheme Damaged status Not for loan Permanent location Current location Date acquired Serial Enumeration / chronology Barcode Date last seen Koha item type
          Indian Institute of Public Administration Indian Institute of Public Administration 2025-08-01 71(2), Jun, 2025: p.431-433 AR136927 2025-08-01 Articles

Powered by Koha